Catálogo

El increíble viaje de Ulises / (Registro nro. 66732)

Detalles MARC
000 -LEADER
fixed length control field 00937nam a2200265 u 4500
001 - CONTROL NUMBER
control field 66732
005 - DATE AND TIME OF LATEST TRANSACTION
control field 20180714074623.0
008 - FIXED-LENGTH DATA ELEMENTS--GENERAL INFORMATION
fixed length control field 170302s2008 mx a r 000 0 spa d
020 ## - INTERNATIONAL STANDARD BOOK NUMBER
International Standard Book Number 9789685389648
041 0# - LANGUAGE CODE
Language code of text/sound track or separate title spa
082 0# - DEWEY DECIMAL CLASSIFICATION NUMBER
Classification number 883.01
Item number LAN
100 1# - MAIN ENTRY--PERSONAL NAME
Personal name Landmann, Bimba,
Relator term autor
245 13 - TITLE STATEMENT
Title El increíble viaje de Ulises /
Statement of responsibility, etc. Bimba Landmann ; traducción de Caterina Camastra.
250 ## - EDITION STATEMENT
Edition statement Primera edición
264 #1 - PRODUCTION, PUBLICATION, DISTRIBUTION, MANUFACTURE, AND COPYRIGHT NOTICE
Place of production, publication, distribution, manufacture México :
Name of producer, publisher, distributor, manufacturer Ediciones el Naranjo,
Date of production, publication, distribution, manufacture, or copyright notice 2008
300 ## - PHYSICAL DESCRIPTION
Extent 58 páginas :
Other physical details ilustraciones ;
Dimensions 31 cm.
336 ## - CONTENT TYPE
Content type term texto
Source rdacontent
337 ## - MEDIA TYPE
Media type term sin mediación
Source rdamedia
338 ## - CARRIER TYPE
Carrier type term volumen
Source rdacarrier
490 0# - SERIES STATEMENT
Series statement Los Clásicos del Naranjo
650 #4 - SUBJECT ADDED ENTRY--TOPICAL TERM
Topical term or geographic name entry element Odisea - Rey de Ithaca (Carácter mitológico)
General subdivision Literatura infantil
650 #4 - SUBJECT ADDED ENTRY--TOPICAL TERM
Topical term or geographic name entry element Guerra de Troya
General subdivision Literatura infantil
650 #4 - SUBJECT ADDED ENTRY--TOPICAL TERM
Topical term or geographic name entry element Homero
General subdivision Odisea
-- Adaptaciones - Ilustraciones
700 1# - ADDED ENTRY--PERSONAL NAME
Personal name Camastra, Caterina,
Relator term traductor
Existencias
Withdrawn status Lost status Source of classification or shelving scheme Damaged status Not for loan Collection code Home library Current library Shelving location Date acquired Source of acquisition Inventory number Total Checkouts Full call number Barcode Date last seen Price effective from Koha item type
    Dewey Decimal Classification     Infantil Biblioteca Karol Wojtyla Biblioteca Karol Wojtyla Área de silencio 02/03/2017 Compra 151000000000000000065886   883.01 LAN 2008 96981 05/01/2026 14/03/2017 Libro infantil